00253nam a2200097Ia 4500008004100000100002000041245006300061260001400124300000700138650001000145190216s9999||||xx |||||||||||||| ||und|| aArjundas Kesari 0aHindi-Lory Kayan Ka Charith Sangatan Thatha Kavya Soupakth bLokaruchi a65 aHindi